| 000 | 00622nam a2200169Ia 4500 | ||
|---|---|---|---|
| 008 | 220216s9999 xx 000 0 und d | ||
| 100 | _aGeorge S. | ||
| 245 | 0 | _aIntegrated weed management in rubber (Hevea brasiliensis) | |
| 260 |
_bProceedings of the Second International Agronomy Congress on Balancing Food and Environmental Security: A Continuing Challenge. V 2. Extended Summaries, 26-30 November 2002, New Delhi, India, pp. 1210-1212 _c2002 |
||
| 650 | _aHerbicide | ||
| 650 | _aWeed control | ||
| 700 | _aJessy M.D. | ||
| 700 | _aJoseph K.[a] | ||
| 700 | _aPhilip V. | ||
| 700 | _aPunnoose K.I. | ||
| 942 | _cBS | ||
| 999 |
_c52451 _d52451 |
||